[Event "Titled Tuesday intern op 06th Feb Early"]
[Site "Chess.com INT"]
[Date "2024.02.06"]
[Round "11"]
[White "Krzywda, Andrzej"]
[Black "Skibbe, Willi"]
[Result "1-0"]
[WhiteElo "2211"]
[BlackElo "2173"]
[PlyCount "71"]
[EventDate "2024.02.06"]
[EventType "swiss (blitz)"]
[EventRounds "11"]
[EventCountry "USA"]
[SourceTitle "CB07_2024"]
[SourceDate "2024.02.14"]
[SourceVersion "1"]
[SourceVersionDate "2024.02.14"]
[SourceQuality "1"]

1. e4 e6 2. d4 d5 3. Nc3 Nf6 4. e5 Nfd7 5. f4 c5 6. Nf3 Nc6 7. Be3 a6 8. a3 b5 9. Bd3 Qb6 10. 0-0 cxd4 11. Bf2 b4 12. Na4 Qa7 13. axb4 Bxb4 14. c3 Be7 15. b4 0-0 16. Nxd4 Nxd4 17. Bxd4 Qc7 18. Qh5 g6 19. Qh6 Bb7 20. Rae1 a5 21. b5 Nc5 22. Nxc5 Bxc5 23. Rf3 Bxd4+ 24. cxd4 a4 25. Rh3 f5 26. exf6 Rxf6 27. f5 exf5 28. Rhe3 Qg7 29. Qf4 g5 30. Re8+ Rxe8 31. Rxe8+ Rf8 32. Rxf8+ Qxf8 33. Qxg5+ Kh8 34. Bxf5 Qb4 35. Qf6+ Kg8 36. Be6# 1-0

[Event "Titled Tuesday intern op 06th Feb Early"]
[Site "Chess.com INT"]
[Date "2024.02.06"]
[Round "4"]
[White "Nurgaliyeva, Zarina"]
[Black "Skibbe, Willi"]
[Result "1-0"]
[WhiteElo "2061"]
[BlackElo "2173"]
[PlyCount "97"]
[EventDate "2024.02.06"]
[EventType "swiss (blitz)"]
[EventRounds "11"]
[EventCountry "USA"]
[SourceTitle "CB07_2024"]
[SourceDate "2024.02.14"]
[SourceVersion "1"]
[SourceVersionDate "2024.02.14"]
[SourceQuality "1"]

1. e4 e6 2. d4 d5 3. exd5 exd5 4. Bd3 c5 5. c3 c4 6. Be2 Nf6 7. Nf3 Bd6 8. b3 cxb3 9. axb3 Nc6 10. 0-0 0-0 11. c4 Bf5 12. Nc3 a6 13. h3 Re8 14. Bg5 dxc4 15. bxc4 h6 16. Bh4 g5 17. Bg3 Ne4 18. Nxe4 Bxe4 19. Bxd6 Qxd6 20. d5 Ne5 21. Nd4 Rac8 22. Rc1 Rc7 23. f4 gxf4 24. Rxf4 Bg6 25. Nf5 Bxf5 26. Rxf5 Qg6 27. Rf2 Qe4 28. Qd2 Kg7 29. Rf4 Qg6 30. Qd4 f6 31. Rcf1 Rf8 32. d6 Rd7 33. c5 Nc6 34. Qf2 Ne5 35. Bg4 Rdd8 36. Bf5 Qg5 37. Re4 Rde8 38. h4 Qh5 39. Qg3+ Kh8 40. Rfe1 Nc6 41. Rxe8 Rxe8 42. Be6 Ne5 43. d7 Rd8 44. Qe3 Qg6 45. h5 Qg7 46. Qf4 Nd3 47. Qf5 Nxe1 48. Bd5 Nxg2 49. Be4 1-0

[Event "Titled Tuesday intern op 06th Feb Early"]
[Site "Chess.com INT"]
[Date "2024.02.06"]
[Round "7"]
[White "Skibbe, Willi"]
[Black "Aditya, Varun Gampa"]
[Result "0-1"]
[WhiteElo "2173"]
[BlackElo "2325"]
[PlyCount "68"]
[EventDate "2024.02.06"]
[EventType "swiss (blitz)"]
[EventRounds "11"]
[EventCountry "USA"]
[SourceTitle "CB07_2024"]
[SourceDate "2024.02.14"]
[SourceVersion "1"]
[SourceVersionDate "2024.02.14"]
[SourceQuality "1"]

1. d4 d5 2. Nf3 e6 3. e3 Nf6 4. Bd3 Nbd7 5. 0-0 c5 6. b3 Be7 7. Bb2 0-0 8. Nbd2 b6 9. Ne5 Bb7 10. f4 Ne4 11. c4 Rc8 12. Rc1 Ndf6 13. Ndf3 Bd6 14. g4 cxd4 15. Bxd4 Nc5 16. Bb1 Nfe4 17. g5 f6 18. gxf6 Nxf6 19. Ng5 Qe8 20. cxd5 Bxd5 21. Rxc5 bxc5 22. Bb2 h6 23. Ngf3 Qh5 24. e4 Nxe4 25. Bxe4 Bxe5 26. Bxd5 Bxb2 27. Bxe6+ Kh8 28. Bxc8 Rxc8 29. Ne5 Bd4+ 30. Kh1 Qf5 31. Qf3 Rf8 32. Qg3 Bxe5 33. Rg1 Bf6 34. Rf1 Qd5+ 0-1

[Event "Titled Tuesday intern op 06th Feb Early"]
[Site "Chess.com INT"]
[Date "2024.02.06"]
[Round "6"]
[White "Teillet, Benoit"]
[Black "Skibbe, Willi"]
[Result "0-1"]
[WhiteElo "2218"]
[BlackElo "2173"]
[PlyCount "104"]
[EventDate "2024.02.06"]
[EventType "swiss (blitz)"]
[EventRounds "11"]
[EventCountry "USA"]
[SourceTitle "CB07_2024"]
[SourceDate "2024.02.14"]
[SourceVersion "1"]
[SourceVersionDate "2024.02.14"]
[SourceQuality "1"]

1. b4 f6 2. Bb2 Kf7 3. c4 e6 4. e3 Ne7 5. Nf3 g6 6. d4 Bg7 7. Bd3 d6 8. Nbd2 b6 9. Qc2 Bb7 10. a4 Nd7 11. 0-0 h6 12. Rac1 f5 13. c5 Bd5 14. Bc4 Nf6 15. Rfe1 Bxc4 16. Qxc4 d5 17. Qb3 Ne4 18. c6 g5 19. Red1 Rf8 20. b5 Kg8 21. Ba3 Rf7 22. Nf1 Ng6 23. Ne1 f4 24. f3 Nf6 25. e4 dxe4 26. Qxe6 e3 27. Rd3 Qd5 28. Qxd5 Nxd5 29. Nc2 Re8 30. h3 Bf8 31. Bxf8 Kxf8 32. Nh2 h5 33. Re1 Nh4 34. Re2 Nf5 35. Nf1 Kg7 36. Rb3 Kg6 37. Kh2 Rf6 38. Rd3 Rd6 39. g3 fxg3+ 40. Nxg3 Nh4 41. Ne1 Rde6 42. Ne4 Nxf3+ 43. Nxf3 Rxe4 44. Kg3 Nf4 45. Ne5+ R8xe5 46. dxe5 Nxd3 47. Kf3 Rxe5 48. Rxe3 Rxe3+ 49. Kxe3 Nc5 50. Kd4 Kf6 51. a5 Ke6 52. axb6 axb6 0-1

[Event "Titled Tuesday intern op 16th Jan Early"]
[Site "Chess.com INT"]
[Date "2024.01.16"]
[Round "10"]
[White "Skibbe, Willi"]
[Black "Cardozo Munar, Carlos Eduardo"]
[Result "1-0"]
[WhiteElo "2189"]
[BlackElo "2043"]
[PlyCount "131"]
[EventDate "2024.01.16"]
[EventType "swiss (blitz)"]
[EventRounds "11"]
[EventCountry "USA"]
[SourceTitle "CB04_2024"]
[SourceDate "2023.10.16"]
[SourceVersion "1"]
[SourceVersionDate "2023.10.16"]
[SourceQuality "1"]

1. d4 d5 2. Nf3 Nf6 3. e3 g6 4. b4 Bg7 5. Bb2 0-0 6. Be2 c6 7. a4 a6 8. b5 axb5 9. axb5 Rxa1 10. Bxa1 Nbd7 11. bxc6 bxc6 12. 0-0 Re8 13. c4 e5 14. dxe5 Ng4 15. cxd5 Ndxe5 16. Nxe5 Nxe5 17. dxc6 Nxc6 18. Bxg7 Kxg7 19. Bb5 Qxd1 20. Rxd1 Bb7 21. Rc1 Rc8 22. Bxc6 Rxc6 23. Rxc6 Bxc6 24. Nc3 h5 25. h4 Bb7 26. e4 Bc8 27. f3 f6 28. Kf2 g5 29. Kg3 Kg6 30. Nd5 Be6 31. f4 gxh4+ 32. Kxh4 Bg4 33. g3 Bf3 34. Nc3 Kf7 35. Kh3 Kg6 36. Kh2 Kf7 37. Kg1 Ke7 38. Kf2 Bg4 39. Nd5+ Ke6 40. Ne3 Bh3 41. Kf3 Kd6 42. f5 Ke5 43. Nc4+ Kd4 44. Nd6 Bg4+ 45. Kf4 Be2 46. Ne8 Bd3 47. Nxf6 Bc2 48. e5 Bd1 49. e6 Ba4 50. e7 Kc5 51. e8Q Bxe8 52. Nxe8 Kd5 53. Ng7 Kd6 54. Nxh5 Ke7 55. Kg5 Kf7 56. f6 Kg8 57. Kg6 Kf8 58. f7 Ke7 59. Kg7 Ke6 60. f8Q Ke5 61. Qf4+ Ke6 62. Qe4+ Kd6 63. Kf6 Kd7 64. Qd5+ Ke8 65. g4 Kf8 66. Qd8# 1-0

[Event "Titled Tuesday intern op 09th Jan Early"]
[Site "Chess.com INT"]
[Date "2024.01.09"]
[Round "10"]
[White "Biriukov, Ilja"]
[Black "Skibbe, Willi"]
[Result "0-1"]
[WhiteElo "2311"]
[BlackElo "2189"]
[PlyCount "58"]
[EventDate "2024.01.09"]
[EventType "swiss (blitz)"]
[EventRounds "11"]
[EventCountry "USA"]
[SourceTitle "CB03_2024"]
[SourceDate "2024.01.17"]
[SourceVersion "1"]
[SourceVersionDate "2024.01.17"]
[SourceQuality "1"]

1. d4 f5 2. g4 fxg4 3. h3 d5 4. Nc3 Nf6 5. Bg5 Nc6 6. Qd2 h6 7. Bxf6 exf6 8. Qd3 Kf7 9. 0-0-0 g6 10. hxg4 Bxg4 11. f3 Be6 12. e4 Ne7 13. Nh3 g5 14. f4 dxe4 15. Nxe4 Bg7 16. fxg5 hxg5 17. Nhxg5+ fxg5 18. Nxg5+ Kf6 19. Qf3+ Bf5 20. Ne4+ Kf7 21. Bc4+ Ke8 22. Ng5 Rxh1 23. Rxh1 Qxd4 24. Bf7+ Kf8 25. Ne6+ Bxe6 26. Bxe6+ Ke8 27. Qf7+ Kd8 28. Rd1 Bh6+ 29. Kb1 Qxd1# 0-1

[Event "Titled Tuesday intern op 09th Jan Early"]
[Site "Chess.com INT"]
[Date "2024.01.09"]
[Round "11"]
[White "Filgueira, Hernan"]
[Black "Skibbe, Willi"]
[Result "1-0"]
[WhiteElo "2283"]
[BlackElo "2189"]
[PlyCount "77"]
[EventDate "2024.01.09"]
[EventType "swiss (blitz)"]
[EventRounds "11"]
[EventCountry "USA"]
[SourceTitle "CB03_2024"]
[SourceDate "2024.01.17"]
[SourceVersion "1"]
[SourceVersionDate "2024.01.17"]
[SourceQuality "1"]

1. d4 f5 2. Nc3 Nf6 3. Bg5 d5 4. f3 c5 5. Bxf6 gxf6 6. e4 cxd4 7. Qxd4 dxe4 8. Bb5+ Nc6 9. Qxd8+ Kxd8 10. 0-0-0+ Ke8 11. fxe4 Bh6+ 12. Kb1 fxe4 13. Nxe4 a6 14. Ba4 Bf5 15. Ng3 Bg6 16. Nf3 Rc8 17. Rhe1 b5 18. Bb3 Na5 19. Be6 Rxc2 20. Nf5 Bxf5 21. Bxf5 Rxg2 22. Be6 Nc4 23. Nh4 Rxb2+ 24. Ka1 Rd2 25. Nf5 Bf4 26. Rxd2 Bxd2 27. Rg1 Bc3+ 28. Kb1 Kd8 29. Rg7 Bb4 30. Kc2 Ne5 31. h4 Nc6 32. h5 Kc7 33. h6 Bd6 34. Bg8 Bf4 35. Bxh7 Kb6 36. Rf7 Ne5 37. Rxe7 Ng4 38. Re6+ Kc5 39. Bg6 1-0

[Event "Titled Tuesday intern op 09th Jan Early"]
[Site "Chess.com INT"]
[Date "2024.01.09"]
[Round "5"]
[White "Skibbe, Willi"]
[Black "Aguiar de Sousa, Daniel"]
[Result "1-0"]
[WhiteElo "2189"]
[BlackElo "2021"]
[PlyCount "103"]
[EventDate "2024.01.09"]
[EventType "swiss (blitz)"]
[EventRounds "11"]
[EventCountry "USA"]
[SourceTitle "CB03_2024"]
[SourceDate "2024.01.17"]
[SourceVersion "1"]
[SourceVersionDate "2024.01.17"]
[SourceQuality "1"]

1. e4 c5 2. c3 Nc6 3. Nf3 d5 4. exd5 Qxd5 5. d4 Qe4+ 6. Be3 cxd4 7. Nxd4 Nf6 8. Nd2 Qd5 9. Nb5 Qd8 10. Nf3 Qa5 11. b4 Qd8 12. Qxd8+ Kxd8 13. Rd1+ Bd7 14. Ng5 Ne5 15. Bf4 h6 16. Ne6+ fxe6 17. Bxe5 a6 18. Nc7 Nd5 19. Nxa8 Ba4 20. Rxd5+ exd5 21. Nb6 Bc2 22. Kd2 Bf5 23. Nxd5 e6 24. Ne3 Bg6 25. Bd3 Be7 26. Bxg6 Kd7 27. f4 Rc8 28. a3 Bd6 29. Rd1 Bxe5 30. fxe5 Ke7 31. Kc2 Rf8 32. Be4 Rf4 33. Bf3 Rh4 34. h3 Rf4 35. Rd4 Rf8 36. Nc4 Rd8 37. Rxd8 Kxd8 38. Nd6 Ke7 39. Nxb7 a5 40. Nc5 a4 41. Nxa4 Kd7 42. Nc5+ Kc7 43. a4 Kb6 44. a5+ Ka7 45. a6 Kb8 46. b5 Ka7 47. Kb3 Kb6 48. Kb4 Ka7 49. Ka5 g5 50. b6+ Kb8 51. a7+ Kc8 52. a8Q# 1-0

[Event "Titled Tuesday intern op 09th Jan Early"]
[Site "Chess.com INT"]
[Date "2024.01.09"]
[Round "9"]
[White "Skibbe, Willi"]
[Black "Bazilius, Augustinas"]
[Result "0-1"]
[WhiteElo "2189"]
[BlackElo "2030"]
[PlyCount "54"]
[EventDate "2024.01.09"]
[EventType "swiss (blitz)"]
[EventRounds "11"]
[EventCountry "USA"]
[SourceTitle "CB03_2024"]
[SourceDate "2024.01.17"]
[SourceVersion "1"]
[SourceVersionDate "2024.01.17"]
[SourceQuality "1"]

1. e4 c5 2. c3 h6 3. d4 cxd4 4. cxd4 d6 5. Nc3 g6 6. Nf3 Bg7 7. h3 Nf6 8. Be2 0-0 9. 0-0 b6 10. Be3 Bb7 11. Nd2 Nbd7 12. f4 Rc8 13. Bf3 e5 14. dxe5 dxe5 15. f5 g5 16. Nb5 Nc5 17. Nxa7 Ra8 18. Bxc5 bxc5 19. Nb5 Ba6 20. a4 Bxb5 21. axb5 Rxa1 22. Qxa1 Qxd2 23. Rd1 Qe3+ 24. Kh1 Nxe4 25. Re1 Ng3+ 26. Kh2 Qf4 27. Re4 Nxe4+ 0-1

[Event "Titled Tuesday intern op 09th Jan Early"]
[Site "Chess.com INT"]
[Date "2024.01.09"]
[Round "8"]
[White "Skibbe, Willi"]
[Black "Shevchuk, Olexandr"]
[Result "0-1"]
[WhiteElo "2189"]
[BlackElo "2093"]
[PlyCount "54"]
[EventDate "2024.01.09"]
[EventType "swiss (blitz)"]
[EventRounds "11"]
[EventCountry "USA"]
[SourceTitle "CB03_2024"]
[SourceDate "2024.01.17"]
[SourceVersion "1"]
[SourceVersionDate "2024.01.17"]
[SourceQuality "1"]

1. e4 c5 2. c3 d5 3. exd5 Qxd5 4. d4 Nf6 5. Nf3 e6 6. Be2 Nc6 7. 0-0 Be7 8. dxc5 Qxc5 9. Be3 Qf5 10. Na3 0-0 11. Bd3 Qh5 12. Nd4 Qxd1 13. Raxd1 Ne5 14. Be2 a6 15. Nc4 Nxc4 16. Bxc4 e5 17. Nf3 Bg4 18. h3 Bxf3 19. gxf3 Rfd8 20. Bb6 Rdc8 21. Bb3 Bd8 22. Be3 Bc7 23. Rd2 Rd8 24. Rfd1 Rxd2 25. Rxd2 Rd8 26. Rxd8+ Bxd8 27. Bd5 Nxd5 0-1

[Event "Titled Tuesday intern op 19th Dec Early"]
[Site "Chess.com INT"]
[Date "2023.12.19"]
[Round "5"]
[White "Levine, David M"]
[Black "Skibbe, Willi"]
[Result "0-1"]
[WhiteElo "2040"]
[BlackElo "2178"]
[PlyCount "64"]
[EventDate "2023.12.19"]
[EventType "swiss (blitz)"]
[EventRounds "11"]
[EventCountry "USA"]
[SourceTitle "CB52_2023"]
[SourceDate "2023.12.27"]
[SourceVersion "1"]
[SourceVersionDate "2023.12.27"]
[SourceQuality "1"]

1. d4 d5 2. c4 c6 3. Nf3 Nf6 4. Nc3 a6 5. Bf4 dxc4 6. e3 b5 7. h3 Nd5 8. Bg3 e6 9. a4 Bb4 10. Qc2 Qa5 11. Rc1 Nd7 12. Be2 Bb7 13. 0-0 0-0 14. e4 Nxc3 15. bxc3 Be7 16. Ra1 Qb6 17. e5 c5 18. Rfb1 Bc6 19. Nd2 Qc7 20. Bf3 Nb6 21. axb5 axb5 22. Ne4 cxd4 23. cxd4 Nd5 24. Qd2 Rxa1 25. Rxa1 b4 26. Rc1 c3 27. Qc2 Rb8 28. Qb3 Qa5 29. Nxc3 Nxc3 30. Rxc3 Qa1+ 31. Kh2 Qxc3 32. Bxc6 Qxb3 0-1

[Event "Titled Tuesday intern op 19th Dec Early"]
[Site "Chess.com INT"]
[Date "2023.12.19"]
[Round "1"]
[White "Skibbe, Willi"]
[Black "Horobetz, Graham"]
[Result "1-0"]
[WhiteElo "2178"]
[BlackElo "2249"]
[PlyCount "91"]
[EventDate "2023.12.19"]
[EventType "swiss (blitz)"]
[EventRounds "11"]
[EventCountry "USA"]
[SourceTitle "CB52_2023"]
[SourceDate "2023.12.27"]
[SourceVersion "1"]
[SourceVersionDate "2023.12.27"]
[SourceQuality "1"]

1. e4 c5 2. c3 Nf6 3. e5 Nd5 4. Nf3 Nc6 5. Bc4 Nb6 6. Bb3 d6 7. exd6 Qxd6 8. 0-0 Bf5 9. d4 cxd4 10. cxd4 e6 11. Nc3 Be7 12. d5 exd5 13. Nxd5 Nxd5 14. Qxd5 Qxd5 15. Bxd5 Rd8 16. Bxc6+ bxc6 17. Be3 Bf6 18. Bxa7 Bxb2 19. Rfe1+ Kd7 20. Rad1+ Kc8 21. Bd4 Ba3 22. Bxg7 Rxd1 23. Bxh8 Rxe1+ 24. Nxe1 Bb1 25. Bc3 Bxa2 26. Nd3 Be7 27. f4 Bc4 28. Ne5 Bd5 29. Kf2 Bh4+ 30. g3 Be7 31. g4 Bh4+ 32. Ke3 Kc7 33. g5 f6 34. gxf6 Bxf6 35. Bd4 Bh4 36. Nf3 Be7 37. Ng5 Bg8 38. h4 h6 39. Nf3 Kd6 40. Bg7 h5 41. Be5+ Kd5 42. Ng5 Bc5+ 43. Kd3 Bf2 44. Nf3 Bh7+ 45. Ke2 Bg3 46. Ke3 1-0

[Event "Titled Tuesday intern op 19th Dec Early"]
[Site "Chess.com INT"]
[Date "2023.12.19"]
[Round "3"]
[White "Trost, Edvin"]
[Black "Skibbe, Willi"]
[Result "1-0"]
[WhiteElo "2434"]
[BlackElo "2178"]
[PlyCount "69"]
[EventDate "2023.12.19"]
[EventType "swiss (blitz)"]
[EventRounds "11"]
[EventCountry "USA"]
[SourceTitle "CB52_2023"]
[SourceDate "2023.12.27"]
[SourceVersion "1"]
[SourceVersionDate "2023.12.27"]
[SourceQuality "1"]

1. e4 e6 2. Nc3 d5 3. d4 Nf6 4. e5 Nfd7 5. Nce2 c5 6. c3 Nc6 7. f4 Be7 8. Nf3 b5 9. g3 b4 10. Bh3 f5 11. exf6 Nxf6 12. 0-0 Qb6 13. Be3 0-0 14. Ng5 Nd8 15. dxc5 Bxc5 16. Bxc5 Qxc5+ 17. Qd4 Qxd4+ 18. Nxd4 bxc3 19. bxc3 e5 20. fxe5 Bxh3 21. Nxh3 Ne4 22. Nf4 Nxc3 23. Rac1 Nxa2 24. Rc7 Nb4 25. e6 Re8 26. e7 Nf7 27. Nfe6 a5 28. Rb7 Nd3 29. Rb3 Nde5 30. Nc7 a4 31. Ra3 Nc4 32. Raf3 Nfe5 33. Rf5 Ne3 34. Nxe8 Nxf1 35. Rf8# 1-0

[Event "Titled Tuesday intern op 12th Dec Early"]
[Site "Chess.com INT"]
[Date "2023.12.12"]
[Round "1"]
[White "Skibbe, Willi"]
[Black "Vestby Ellingsen, Mads"]
[Result "1-0"]
[WhiteElo "2178"]
[BlackElo "2329"]
[PlyCount "61"]
[EventDate "2023.12.12"]
[EventType "swiss (blitz)"]
[EventRounds "11"]
[EventCountry "USA"]
[SourceTitle "CB51_2023"]
[SourceDate "2023.12.20"]
[SourceVersion "1"]
[SourceVersionDate "2023.12.20"]
[SourceQuality "1"]

1. e4 e5 2. Nc3 Nf6 3. Bc4 Nxe4 4. Qh5 Nd6 5. Bb3 Be7 6. Qxe5 0-0 7. Nf3 Re8 8. 0-0 Bf6 9. Qg3 Ne4 10. Nxe4 Rxe4 11. d3 Re7 12. Bg5 Bxg5 13. Nxg5 d5 14. Rae1 c6 15. Qh4 h6 16. Nh7 Be6 17. f4 Re8 18. Qg3 Kxh7 19. f5 Bc8 20. f6 g6 21. c4 Be6 22. cxd5 cxd5 23. Rf4 Nc6 24. Ref1 Qb6+ 25. Kh1 Nd4 26. Rh4 Rh8 27. Rxh6+ Kg8 28. Rxh8+ Kxh8 29. Qh4+ Kg8 30. Qh6 Nf5 31. Rxf5 1-0

[Event "Titled Tuesday intern op 14th Nov Early"]
[Site "Chess.com INT"]
[Date "2023.11.14"]
[Round "9"]
[White "Skibbe, Willi"]
[Black "Balla, Tamas Kristof"]
[Result "1-0"]
[WhiteElo "2175"]
[BlackElo "2285"]
[PlyCount "127"]
[EventDate "2023.11.14"]
[EventType "swiss (blitz)"]
[EventRounds "11"]
[EventCountry "USA"]
[SourceTitle "CB47_2023"]
[SourceDate "2023.11.22"]
[SourceVersion "1"]
[SourceVersionDate "2023.11.22"]
[SourceQuality "1"]

1. e4 c5 2. c3 Nf6 3. e5 Nd5 4. Nf3 Nc6 5. Bc4 Nb6 6. Bb3 d5 7. exd6 Qxd6 8. 0-0 g6 9. d4 cxd4 10. Ng5 e6 11. Ne4 Qd8 12. Bg5 Be7 13. Bh6 e5 14. Qf3 Bf5 15. Ng3 Qd7 16. Nxf5 Qxf5 17. Qxf5 gxf5 18. cxd4 Nxd4 19. f4 e4 20. Bg7 Nxb3 21. axb3 Rg8 22. Be5 0-0-0 23. Rc1+ Kd7 24. Rxa7 Bc5+ 25. Rxc5 Ke8 26. Rc1 e3 27. Rxb7 e2 28. Nc3 Nd5 29. Nxe2 Ne3 30. g3 f6 31. Rcc7 Rd1+ 32. Kf2 Ng4+ 33. Kg2 fxe5 34. Re7+ Kd8 35. fxe5 Rd2 36. Kf3 Nxh2+ 37. Ke3 Rd5 38. Nf4 Ng4+ 39. Kf3 Rxe5 40. Ne6+ Rxe6 41. Rxe6 Nh2+ 42. Kg2 Ng4 43. Rb8+ Kd7 44. Rxg8 Kxe6 45. Rg7 Nf6 46. Ra7 h5 47. b4 Kd5 48. Kh3 Kc4 49. Kh4 Ne4 50. Rb7 Nd6 51. Rb6 Nb5 52. Kxh5 Kxb4 53. Rxb5+ Kxb5 54. Kg5 Kb4 55. Kxf5 Kb3 56. g4 Kxb2 57. g5 Kc3 58. g6 Kd4 59. g7 Kd5 60. g8Q+ Kd6 61. Qe6+ Kc7 62. Qd5 Kb6 63. Qc4 Ka5 64. Qb3 1-0

[Event "Titled Tuesday intern op 24th Oct Late"]
[Site "Chess.com INT"]
[Date "2023.10.24"]
[Round "10"]
[White "Simonovic, Miroslav"]
[Black "Skibbe, Willi"]
[Result "1/2-1/2"]
[WhiteElo "2072"]
[BlackElo "2184"]
[PlyCount "102"]
[EventDate "2023.10.24"]
[EventType "swiss (blitz)"]
[EventRounds "11"]
[EventCountry "USA"]
[SourceTitle "Mega2024 Update 01"]
[Source "Chessbase"]
[SourceDate "2023.11.12"]
[SourceVersion "1"]
[SourceVersionDate "2023.11.12"]
[SourceQuality "1"]

1. d4 d5 2. Bg5 h6 3. Bh4 Bf5 4. e3 Nf6 5. Bxf6 exf6 6. Bd3 Bxd3 7. Qxd3 c6 8. Nd2 Bd6 9. c4 dxc4 10. Qxc4 0-0 11. Ngf3 Nd7 12. 0-0 f5 13. g3 Qe7 14. a3 Nb6 15. Qd3 g6 16. b4 a6 17. Nb3 Nd5 18. Rfd1 h5 19. h4 Nf6 20. Nfd2 Ne4 21. Nc5 Rfe8 22. Rac1 a5 23. Kg2 axb4 24. axb4 Ra2 25. Rc2 Rea8 26. Rxa2 Rxa2 27. Ncxe4 fxe4 28. Qxe4 Qxe4+ 29. Nxe4 Bxb4 30. Rb1 Ra4 31. Kf3 Kg7 32. Ke2 b6 33. Rb2 c5 34. dxc5 bxc5 35. Rc2 Ra5 36. Kd3 f5 37. Nd6 Ra3+ 38. Kc4 Ra6 39. Nb7 Rc6 40. Kb5 Rc8 41. Nxc5 Bxc5 42. Rxc5 Rb8+ 43. Kc6 Rb2 44. Kd6 Rxf2 45. Ke6 Rf3 46. Rc7+ Kh6 47. Kf6 Rxe3 48. Rc8 Kh7 49. Rc7+ Kh6 50. Rc8 Kh7 51. Rc7+ Kh6 1/2-1/2

[Event "Titled Tuesday intern op 24th Oct Late"]
[Site "Chess.com INT"]
[Date "2023.10.24"]
[Round "3"]
[White "Skibbe, Willi"]
[Black "Bold, Andre"]
[Result "1-0"]
[WhiteElo "2184"]
[BlackElo "2194"]
[PlyCount "125"]
[EventDate "2023.10.24"]
[EventType "swiss (blitz)"]
[EventRounds "11"]
[EventCountry "USA"]
[SourceTitle "Mega2024 Update 01"]
[Source "Chessbase"]
[SourceDate "2023.11.12"]
[SourceVersion "1"]
[SourceVersionDate "2023.11.12"]
[SourceQuality "1"]

1. d4 d6 2. e4 g6 3. c4 Bg7 4. Nc3 c6 5. Be3 Qc7 6. Nf3 e5 7. d5 Ne7 8. Nd2 0-0 9. Be2 c5 10. 0-0 f5 11. f4 a6 12. a4 Nd7 13. Bd3 exf4 14. Bxf4 Ne5 15. Qc2 Bd7 16. Rae1 Rae8 17. exf5 Nxf5 18. Nde4 Nd4 19. Qd1 Bg4 20. Qb1 Bf5 21. Bxe5 Rxe5 22. Ng5 Qe7 23. Bxf5 Qxg5 24. Rxe5 Bxe5 25. Be6+ Nxe6 26. dxe6 Qe3+ 27. Kh1 Bxc3 28. bxc3 Rxf1+ 29. Qxf1 Qxe6 30. h3 Qe4 31. a5 Kg7 32. Kh2 h5 33. h4 Qxh4+ 34. Kg1 Qe4 35. Kh2 h4 36. Qd1 Qf4+ 37. Kh1 g5 38. Qd5 Qf1+ 39. Kh2 Qf4+ 40. Kh1 Qc1+ 41. Kh2 Qxc3 42. Qxb7+ Kh6 43. Qf7 Qg3+ 44. Kh1 Qe1+ 45. Kh2 Qe5+ 46. Kh1 g4 47. Qf8+ Kg5 48. Qg8+ Kf5 49. Qh7+ Kf4 50. Qxh4 Qa1+ 51. Kh2 Qxa5 52. Qf6+ Ke4 53. Qxd6 Qb4 54. Qd5+ Ke3 55. Qg5+ Kd4 56. Qxg4+ Kc3 57. Qf3+ Kxc4 58. g4 Kb5 59. Kh3 a5 60. g5 a4 61. g6 Qb2 62. Qb7+ Kc4 63. Qxb2 1-0

[Event "Titled Tuesday intern op 24th Oct Late"]
[Site "Chess.com INT"]
[Date "2023.10.24"]
[Round "11"]
[White "Skibbe, Willi"]
[Black "Ghosh, Chanchal Kumer"]
[Result "0-1"]
[WhiteElo "2184"]
[BlackElo "2026"]
[PlyCount "80"]
[EventDate "2023.10.24"]
[EventType "swiss (blitz)"]
[EventRounds "11"]
[EventCountry "USA"]
[SourceTitle "Mega2024 Update 01"]
[Source "Chessbase"]
[SourceDate "2023.11.12"]
[SourceVersion "1"]
[SourceVersionDate "2023.11.12"]
[SourceQuality "1"]

1. f4 d5 2. Nf3 c5 3. g3 Nc6 4. Bg2 Nf6 5. 0-0 Bg4 6. d3 e6 7. c3 d4 8. Na3 Be7 9. Nc4 0-0 10. Nfe5 Nxe5 11. Nxe5 Rb8 12. h3 Bf5 13. g4 Bg6 14. c4 Bd6 15. Nxg6 hxg6 16. f5 exf5 17. gxf5 gxf5 18. Rxf5 Qd7 19. Rf1 Rfe8 20. Bg5 Nh5 21. e4 Ng3 22. Rf3 Re6 23. h4 Rg6 24. Qe1 f6 25. Bf4 Nh5 26. Bd2 Qg4 27. Qf2 Bg3 28. Qe2 Bxh4 29. Kf1 Ng3+ 30. Rxg3 Qxg3 31. Kg1 Re8 32. Rf1 Re5 33. Bf4 Qh3 34. Bxe5 fxe5 35. Qf3 Qe6 36. Qf8+ Kh7 37. Rf5 Bg5 38. Kf1 Be3 39. Bh3 Rg1+ 40. Ke2 Qg6 0-1

[Event "Titled Tuesday intern op 24th Oct Late"]
[Site "Chess.com INT"]
[Date "2023.10.24"]
[Round "5"]
[White "Skibbe, Willi"]
[Black "Rodgers, Jack"]
[Result "0-1"]
[WhiteElo "2184"]
[BlackElo "2084"]
[PlyCount "64"]
[EventDate "2023.10.24"]
[EventType "swiss (blitz)"]
[EventRounds "11"]
[EventCountry "USA"]
[SourceTitle "Mega2024 Update 01"]
[Source "Chessbase"]
[SourceDate "2023.11.12"]
[SourceVersion "1"]
[SourceVersionDate "2023.11.12"]
[SourceQuality "1"]

1. d4 Nf6 2. c4 c5 3. d5 e5 4. Nc3 d6 5. e4 Be7 6. Bd3 Na6 7. h3 0-0 8. g4 Ne8 9. Nf3 Rb8 10. Be3 Nac7 11. a4 a6 12. Qe2 Bd7 13. 0-0 g5 14. a5 b6 15. axb6 Rxb6 16. Rfb1 h6 17. Ne1 Kg7 18. Nc2 Rb3 19. Na2 Qb8 20. Na3 Rh8 21. Bc2 Rb7 22. Qd2 f6 23. b4 cxb4 24. Nxb4 h5 25. Nc6 Bxc6 26. dxc6 Rxb1+ 27. Rxb1 Qc8 28. Qa5 hxg4 29. c5 gxh3 30. cxd6 Qg4+ 31. Kf1 h2 32. dxc7 h1Q# 0-1

[Event "Titled Tuesday intern op 24th Oct Late"]
[Site "Chess.com INT"]
[Date "2023.10.24"]
[Round "6"]
[White "Spichkin, Alexander"]
[Black "Skibbe, Willi"]
[Result "1-0"]
[WhiteElo "2035"]
[BlackElo "2184"]
[PlyCount "43"]
[EventDate "2023.10.24"]
[EventType "swiss (blitz)"]
[EventRounds "11"]
[EventCountry "USA"]
[SourceTitle "Mega2024 Update 01"]
[Source "Chessbase"]
[SourceDate "2023.11.12"]
[SourceVersion "1"]
[SourceVersionDate "2023.11.12"]
[SourceQuality "1"]

1. f4 d5 2. Nf3 Nf6 3. e3 Bg4 4. h3 Bxf3 5. Qxf3 c6 6. b3 Nbd7 7. Bb2 Qc7 8. d4 Ne4 9. Bd3 Ndf6 10. 0-0 e6 11. c4 Bd6 12. Rd1 0-0-0 13. Nd2 Nxd2 14. Rxd2 h6 15. c5 Be7 16. b4 g5 17. a4 gxf4 18. exf4 Rdg8 19. b5 Nh5 20. Qxh5 Qxf4 21. Rf2 Qf5 22. Bxf5 1-0